Cities and Towns in Bristol County, MA - Statistics

General Stats
  • This quiz has been taken 11 times
  • The average score is 14 of 20
Answer Stats
Letter Answer % Correct
R Rehoboth
100%
A Attleboro
100%
N Norton
86%
S Swansea
86%
T Taunton*
86%
A Acushnet
71%
D Dartmouth
71%
E Easton
71%
M Mansfield
71%
N North Attleborough
71%
S Seekonk
71%
F Fall River
71%
N New Bedford
71%
B Berkley
57%
D Dighton
57%
F Fairhaven
57%
F Freetown
57%
R Raynham
57%
S Somerset
57%
W Westport
57%
No matching quizzes found
Score Distribution
Percent of People with Each Score
Percentile by Number Answered
Your Score History
You have not taken this quiz